000 nam a22 a 4500
999 _c1899
_d1899
003 AKMAL
005 20170512114940.0
008 170512s1992 my 00 eng d
020 _a9678904543 (pbk.):
_cRgt. 190.00
040 _aAKMAL
082 0 4 _a347.59506 LAW
090 _a347.59506
_bLAW
100 1 _aMohan, S.
_93943
245 1 0 _aLaw of evidence in Malaysia with cases and commentaries /
_cS. Mohan ; with foreword by Tun Dato' Seri Abdul Hamid Omar
260 _aKuala Lumpur :
_bInternational Law Book Services,
_c1992
300 _axii, 496p. ;
_c25cm
521 _aIntended audience : Adult
650 _aEvidence (Law)
_xCases
_zMalaysia
_93944
700 _aAbdul Hamid Omar,
_cTun Dato' Seri,
_d1929-
_93945
942 _2ddc
_cBOOK